• 首页
  • 本馆介绍
  • 公告通知
  • 最新文献
  • 馆藏检索
  • 电子资源
  • 读者导购
  • 参考咨询
  • 我的图书馆
  • 登录
  • 详细信息显示
  • 放入我的书架
  • 预约/预借图书
  • 作者相关作品
  • 分类相关作品
  • 丛书相关作品
  • 出版社相关作品

书目信息

  • 表格格式
  • 工作单格式
  • 卡片格式
题名:
爱国主义教育讲话
    
 
作者: ;共青团辽宁省委员会 编
分册:  
出版信息: 兰州   甘肃人民出版社  1983
页数: 136页
开本: 19cm
丛书名:
单 册:
中图分类: D647
科图分类:
主题词: 爱国主义教育--中国--学校参考资料
电子资源:
ISBN:
000 00728nam0 2200241 45
001 0183002673
005 20040423085558.0
010    @dCNY0.32
091    @a3096.667
100    @a19950408d1983 em y0chiy0121 ea
101 0  @achi
102    @aCN@b620000
105    @ay z 000yy
106    @ar
200 10 @a爱国主义教育讲话@Aai guo zhu yi jiao yu jiang hua@f共青团辽宁省委员会编
210    @a兰州@c甘肃人民出版社@d1983
215    @a136页@d19cm
606    @a爱国主义教育@y中国@x学校参考资料
690    @aD647@v3
711 02 @a共青团辽宁省委员会@Agong qing tuan liao ning sheng wei yuan hui@4编
801  0 @aCN@b上海图书馆@c20040423
801  2 @aCN@bNLC@c20040423
905    @f1@b113116@f1@b113108@f2@b113113-114@dD647@e25
    
    爱国主义教育讲话/共青团辽宁省委员会编.-兰州:甘肃人民出版社,1983
    136页;19cm
    
    
    ISBN :CNY0.32
    
●
相关链接 在E读中查询图书 在五车中查询图书 在当当中查询图书 在豆瓣中查询图书


正题名:爱国主义教育讲话     索取号:D647/25         预约/预借

序号 登录号 条形码 馆藏地/架位号 状态 备注
1 0113108   000374017   密集书库/ [索取号:D647/25] 在馆    
2 0113109   001743812   密集书库/ [索取号:D647/25] 在馆    
3 0113110   001743821   密集书库/ [索取号:D647/25] 在馆    
4 0113111   001743778   密集书库/ [索取号:D647/25] 在馆    
5 0113112   001743787   密集书库/ [索取号:D647/25] 在馆    
6 0113113   000374026   密集书库/ [索取号:D647/25] 在馆    
7 0113114   001111040   密集书库/ [索取号:D647/25] 在馆    
8 0113115   001743858   密集书库/ [索取号:D647/25] 在馆    
9 0113116   001111031   第一样本阅览室/ [索取号:D647/25] 在馆    
10 0113117   001743867   密集书库/ [索取号:D647/25] 在馆    
唐山师范学院图书馆 欢迎您!
大连网信软件有限公司© 版权所有